[Event "4th Al Ain Chess Classic"]
[Site "Al-Ain UAE"]
[Date "2015.12.24"]
[Round "2.58"]
[White "Mayed AlRashedi"]
[Black "Mohannad, Farhan"]
[Result "1-0"]
[WhiteTitle "FM"]
[BlackTitle "FM"]
[WhiteElo "1895"]
[BlackElo "2253"]
[WhiteFideId "9303871"]
[BlackFideId "8100918"]
[EventDate "2015.12.23"]

1. e4 e6 2. d4 d5 3. Nc3 Nf6 4. Bg5 dxe4 5. Nxe4 Be7 6. Nxf6+ Bxf6 7. Bxf6 Qxf6
8. Nf3 O-O 9. Bd3 c5 10. c3 cxd4 11. Nxd4 Rd8 12. Qc2 g6 13. O-O-O e5 14. Nb3
Nc6 15. Kb1 a5 16. Nc5 Qe7 17. Ne4 Be6 18. h4 Rac8 19. Qe2 a4 20. h5 a3 21. hxg6
fxg6 22. b3 Bf5 23. g4 Bxe4 24. Bxe4 Qc5 25. Qe3 Qxe3 26. fxe3 Kg7 27. Rxd8 Rxd8
28. Kc2 Rf8 29. Rh2 Rf1 30. Kd3 Rg1 31. Rg2 Rxg2 32. Bxg2 Kf6 33. b4 Nd8 34. Bf3
Ke6 35. Kc4 Kd6 36. Kb3 Kc7 37. Kxa3 Ne6 38. Kb3 Ng5 39. Be2 Ne4 40. Kc2 Ng3 41.
Bc4 h5 42. gxh5 gxh5 43. Be6 Ne4 44. Bf5 Ng5 45. Kd3 b5 46. Be4 h4 47. Bh1 Kd6
48. c4 bxc4+ 49. Kxc4 h3 50. a4 h2 51. a5 Kc7 52. b5 e4 53. Kc5 Ne6+ 54. Kd5 Ng5
55. Ke5 Nh3 56. Bxe4 Nf2 57. b6+ Kb8 58. Bg2 h1=Q 59. Bxh1 Nxh1 60. a6 Ng3 61.
Kd5 Nf5 62. e4 Ne7+ 63. Kd6 Nc8+ 64. Kc6 Ne7+ 65. Kd6 Nc8+ 66. Kc5 Ne7 67. e5
Kc8 68. e6 Kb8 69. Kd6 Nc8+ 70. Kc6 Ne7+ 71. Kd7 Nd5 72. e7 Nxb6+ 73. Kc6 1-0

[Event "4th Al Ain Chess Classic"]
[Site "Al-Ain UAE"]
[Date "2015.12.24"]
[Round "2.59"]
[White "Ashwath, R."]
[Black "Tarini Goyal"]
[Result "1-0"]
[BlackTitle "WFM"]
[WhiteElo "2252"]
[BlackElo "1826"]
[WhiteFideId "5021049"]
[BlackFideId "5082749"]
[EventDate "2015.12.23"]

1. d4 d5 2. Nf3 Nf6 3. c4 e6 4. Nc3 Be7 5. Bf4 O-O 6. a3 dxc4 7. e3 a6 8. Bxc4
b5 9. Ba2 Bb7 10. Rc1 Nbd7 11. O-O Nh5 12. Be5 Nxe5 13. Nxe5 Nf6 14. Ne2 Bd6 15.
Nf4 Qe7 16. Nfd3 Nd5 17. Qf3 Bxe5 18. Nxe5 Qd6 19. Rc5 Rab8 20. Qh3 Nf6 21. Rfc1
Rbc8 22. Bb1 h6 23. Qg3 Nh5 24. Qh4 Nf6 25. Nc6 Rfe8 26. b4 Nd7 27. R5c2 Nb6 28.
Ba2 Nd7 29. Qg3 e5 30. Qf3 Rf8 31. Rd1 e4 32. Qxe4 Rce8 33. Ne7+ Rxe7 34. Qxb7
Ne5 35. Qd5 Qxd5 36. Bxd5 Ng4 37. Rdc1 Nf6 38. Bf3 Rc8 39. Rc6 a5 40. bxa5 Ne8
41. a6 Ra8 42. Rxh6 Ra7 43. Rhc6 Nd6 44. h3 Nc4 45. a4 Na5 46. axb5 Nxc6 47.
Bxc6 Re6 48. d5 Rd6 49. e4 f6 50. f4 Kf8 51. e5 Rd8 52. Bb7 Rd7 53. e6 Re7 54.
d6 cxd6 55. Rc8+ 1-0

[Event "4th Al Ain Chess Classic"]
[Site "Al-Ain UAE"]
[Date "2015.12.24"]
[Round "2.60"]
[White "Yogit, S"]
[Black "Ahmad M Saleh Alzarouni"]
[Result "1-0"]
[WhiteElo "2239"]
[BlackElo "1668"]
[WhiteFideId "5009332"]
[BlackFideId "9302301"]
[EventDate "2015.12.23"]

1. e4 c5 2. Nf3 Nc6 3. d4 cxd4 4. Nxd4 g6 5. c4 Nf6 6. Nc3 d6 7. Be2 Nxd4 8.
Qxd4 Bg7 9. Bg5 O-O 10. Qe3 a5 11. O-O a4 12. Rad1 Qe8 13. Bxf6 Bxf6 14. Nd5 Qc6
15. Nxf6+ exf6 16. Rd4 f5 17. Bf3 Re8 18. Rfd1 Qc5 19. Qc3 Qe5 20. Qd2 Be6 21.
exf5 Bxf5 22. h3 Be6 23. Bxb7 Rab8 24. Bc6 Rec8 25. Bxa4 Bxc4 26. b3 Be6 27.
Rxd6 Qf6 28. Bd7 Rd8 29. Bxe6 1-0

[Event "4th Al Ain Chess Classic"]
[Site "Al-Ain UAE"]
[Date "2015.12.24"]
[Round "2.61"]
[White "Mkrtchyan, Sargis R."]
[Black "Ammar, Sedrani"]
[Result "1-0"]
[BlackTitle "FM"]
[WhiteElo "2236"]
[BlackElo "1573"]
[WhiteFideId "13307878"]
[BlackFideId "9312331"]
[EventDate "2015.12.23"]

1. e4 c5 2. Nf3 Nc6 3. Nc3 e5 4. Bc4 d6 5. d3 Be7 6. Nd2 Nf6 7. Nf1 O-O 8. Ne3
Be6 9. O-O a6 10. Ncd5 b5 11. Bb3 Nd4 12. Nxf6+ Bxf6 13. Bd5 Bxd5 14. Nxd5 Bg5
15. Be3 f5 16. c3 Ne6 17. exf5 Rxf5 18. Qg4 g6 19. a4 Nf4 20. Bxf4 exf4 21. axb5
axb5 22. Qf3 Ra5 23. b4 Ra4 24. Rxa4 bxa4 25. b5 Rf7 26. Qe4 Bh6 27. Qxa4 f3 28.
g3 Qg5 29. Qc4 Kg7 30. b6 Qh5 31. h4 Qf5 32. g4 Qd7 33. g5 Bxg5 34. hxg5 Rf5 35.
Qg4 Qd8 36. Nf4 Kf7 37. Nh3 Qxb6 38. Re1 Qb3 39. Qe4 Qxc3 40. Qe6+ 1-0

[Event "4th Al Ain Chess Classic"]
[Site "Al-Ain UAE"]
[Date "2015.12.24"]
[Round "2.62"]
[White "Ashid, Tsetsegulzii"]
[Black "Sindarov, Javokhir"]
[Result "0-1"]
[BlackTitle "CM"]
[WhiteElo "1869"]
[BlackElo "2224"]
[WhiteFideId "4902904"]
[BlackFideId "14205483"]
[EventDate "2015.12.23"]

1. e4 d6 2. d4 Nf6 3. Nc3 Nbd7 4. Nf3 e5 5. Bc4 Be7 6. O-O O-O 7. a4 c6 8. Re1
Qc7 9. h3 b6 10. Ba2 Bb7 11. dxe5 dxe5 12. Nh4 Nc5 13. Nf5 Ne6 14. Qd3 Kh8 15.
Qg3 Bb4 16. Bg5 Ne8 17. Bd2 a5 18. Rad1 g6 19. Nh6 N8g7 20. Ng4 f6 21. Bh6 Qe7
22. Be3 Nc5 23. Bxc5 Bxc5 24. Re2 Bd4 25. Red2 Nh5 26. Qf3 f5 27. Ne3 fxe4 28.
Qxe4 Rf4 29. Qd3 Ba6 30. Nc4 Qh4 31. Rf1 Raf8 32. Nd1 Ng3 33. Re1 Ne4 34. Rxe4
Rxe4 35. g3 Re1+ 36. Kg2 Qh5 37. c3 Qxd1 38. f4 Rg1+ 39. Kh2 0-1

[Event "4th Al Ain Chess Classic"]
[Site "Al-Ain UAE"]
[Date "2015.12.24"]
[Round "2.63"]
[White "Ali, Abdulaziz"]
[Black "Saiid, Samir"]
[Result "1/2-1/2"]
[WhiteElo "1855"]
[BlackElo "2200"]
[WhiteFideId "9304347"]
[BlackFideId "10601546"]
[EventDate "2015.12.23"]

1. e4 c5 2. Nf3 d6 3. Bb5+ Bd7 4. Bxd7+ Nxd7 5. O-O g6 6. c3 Ngf6 7. Qe2 Bg7 8.
d4 e5 9. dxc5 dxc5 10. Rd1 Qc7 11. Na3 a6 12. Nc4 O-O 13. Bg5 b5 14. Bxf6 Nxf6
15. Ne3 Rad8 16. Nd5 Nxd5 17. exd5 Rfe8 18. a4 e4 19. Ne1 c4 20. axb5 axb5 21.
Qe3 Rd7 22. Nc2 Be5 23. g3 Bd6 24. Nd4 Qb6 25. b4 cxb3 26. Qe2 Rb7 27. Nxb3 Qc7
28. Na5 Ra7 29. Nc6 Rxa1 30. Rxa1 Qb6 31. Ra5 Qc5 32. Qe3 Qxd5 33. Nd4 Bc5 34.
Rxb5 Bxd4 35. Rxd5 Bxe3 36. fxe3 Rc8 37. Rd4 f5 38. c4 Kf7 39. Rd7+ Ke6 40. Rd4
Ra8 41. Kf1 Ra1+ 42. Kf2 Ra2+ 43. Kg1 Rc2 44. c5 Rc3 45. Rd6+ Ke7 46. Rb6 Rd3
47. Rb7+ Kf6 48. Rxh7 Rc3 49. Rc7 Rc2 50. Rc6+ Kg5 51. h3 Kh5 52. Rc8 Rc1+ 53.
Kf2 Rc2+ 54. Kg1 Kg5 55. c6 Kf6 56. c7 Ke7 57. Rg8 Rxc7 58. Rxg6 Rc2 59. h4 Kf7
60. Rg5 Kf6 61. Rg8 Kf7 62. Rg5 Kf6 1/2-1/2

[Event "4th Al Ain Chess Classic"]
[Site "Al-Ain UAE"]
[Date "2015.12.25"]
[Round "3.2"]
[White "Pashikian, Arman"]
[Black "Shirov, Alexei"]
[Result "1/2-1/2"]
[WhiteTitle "GM"]
[BlackTitle "GM"]
[WhiteElo "2606"]
[BlackElo "2676"]
[WhiteFideId "13301578"]
[BlackFideId "2209390"]
[EventDate "2015.12.23"]

1. d4 d5 2. c4 c6 3. Nc3 Nf6 4. e3 e6 5. b3 Bd6 6. Bb2 Nbd7 7. Nf3 O-O 8. Bd3 e5
9. cxd5 cxd5 10. dxe5 Nxe5 11. Be2 Nxf3+ 12. Bxf3 Be5 13. O-O Be6 14. Rc1 Rc8
15. Ba1 Qa5 16. Ne2 Rxc1 17. Qxc1 Rc8 18. Qb1 Bxa1 19. Qxa1 Bf5 20. Nd4 Bd3 21.
Rc1 Rxc1+ 22. Qxc1 g6 23. a3 Ne4 24. b4 Qa6 25. Bxe4 dxe4 26. Qc8+ Kg7 27. h4 h5
28. Qc7 b5 29. Qc3 Qf6 30. g3 a6 31. Qc7 Kg8 32. Qb8+ Kg7 33. Qc7 Kg8 34. Qc8+
Kg7 35. Qc5 Kg8 36. Kg2 Kg7 37. Kg1 Kg8 38. Kg2 Kg7 39. Qc7 Kg8 40. Qc8+ Kg7 41.
Qc3 Kg8 42. Qc7 Kg7 43. Kg1 1/2-1/2

[Event "4th Al Ain Chess Classic"]
[Site "Al-Ain UAE"]
[Date "2015.12.25"]
[Round "3.3"]
[White "Amin, Bassem"]
[Black "Kovchan, Alexander"]
[Result "1/2-1/2"]
[WhiteTitle "GM"]
[BlackTitle "GM"]
[WhiteElo "2665"]
[BlackElo "2583"]
[WhiteFideId "10601457"]
[BlackFideId "14103052"]
[EventDate "2015.12.23"]

1. e4 c5 2. Nf3 d6 3. d4 cxd4 4. Nxd4 Nf6 5. Nc3 a6 6. Bc4 e6 7. Bb3 Be7 8. g4
h6 9. Be3 Nc6 10. Rg1 Na5 11. Qe2 b5 12. O-O-O Nxb3+ 13. axb3 Qc7 14. f3 Bb7 15.
h4 g6 16. b4 Qc4 17. Nb3 Qxe2 18. Nxe2 Rc8 19. Bd4 e5 20. Be3 d5 21. g5 hxg5 22.
hxg5 Nd7 23. exd5 Rh2 24. Rge1 Bxb4 25. c3 f5 26. gxf6 Nxf6 27. Kb1 Bd6 28. Bg5
Nh7 29. Bc1 Nf6 30. Bg5 Nh7 31. Bc1 Nf6 32. Na5 Ba8 33. Bg5 Nh7 34. Bc1 Nf6 35.
Bg5 Nh7 36. Bc1 1/2-1/2

[Event "4th Al Ain Chess Classic"]
[Site "Al-Ain UAE"]
[Date "2015.12.25"]
[Round "3.4"]
[White "Gabuzyan, Hovhannes"]
[Black "Efimenko, Zahar"]
[Result "1/2-1/2"]
[WhiteTitle "GM"]
[BlackTitle "GM"]
[WhiteElo "2585"]
[BlackElo "2647"]
[WhiteFideId "13303732"]
[BlackFideId "14107201"]
[EventDate "2015.12.23"]

1. Nf3 d5 2. g3 g6 3. Bg2 Bg7 4. d4 Nf6 5. c4 dxc4 6. Qa4+ Nfd7 7. Nbd2 c6 8.
Qxc4 Nb6 9. Qc2 O-O 10. b3 Na6 11. Bb2 Nb4 12. Qc1 a5 13. a3 Na6 14. h4 h5 15.
O-O a4 16. b4 Nc7 17. e3 Nb5 18. Ne4 Nd6 19. Nfd2 Nd5 20. Nc5 b6 21. Nce4 Ba6
22. Rd1 Rc8 23. Ng5 Nf6 24. Qc2 Bb5 25. Rac1 Ng4 26. e4 e5 27. dxe5 Nxe5 28.
Bxe5 Bxe5 29. Ndf3 Qe7 30. Nxe5 Qxe5 31. f4 Qe7 32. e5 Nf5 33. Qf2 Rfd8 34. Ne4
Rxd1+ 35. Rxd1 Rd8 36. Rd2 Rxd2 37. Qxd2 c5 38. bxc5 bxc5 39. Qd5 Kg7 40. Kf2
Nxh4 41. Bh3 Nf5 42. Bxf5 gxf5 43. Nd6 Qd7 44. Qxc5 Bc6 45. Nxf5+ Qxf5 46. Qxc6
Qd3 47. Qf3 Qc2+ 48. Qe2 Qc5+ 49. Qe3 Qc2+ 50. Ke1 Qb1+ 51. Ke2 Qa2+ 52. Kf3
Qd5+ 53. Kf2 Qa2+ 54. Kf1 Qb3 55. Kf2 Qa2+ 56. Kf3 Qd5+ 57. Qe4 Qb3+ 58. Kg2
Qxa3 59. f5 Qb2+ 60. Kh3 Qf2 61. e6 fxe6 62. Qe5+ Kh7 63. fxe6 Qf3 64. Qe1 Qf5+
65. Kh2 Qc2+ 66. Kg1 1/2-1/2

[Event "4th Al Ain Chess Classic"]
[Site "Al-Ain UAE"]
[Date "2015.12.25"]
[Round "3.5"]
[White "Lalith Babu M R"]
[Black "Kuzubov, Yuriy"]
[Result "1-0"]
[WhiteTitle "GM"]
[BlackTitle "GM"]
[WhiteElo "2553"]
[BlackElo "2640"]
[WhiteFideId "5024595"]
[BlackFideId "14112906"]
[EventDate "2015.12.23"]

1. d4 d6 2. Nf3 g6 3. c4 Bg7 4. Nc3 c5 5. d5 e5 6. dxe6 Bxe6 7. e4 Ne7 8. Be2
O-O 9. Bf4 Qb6 10. Qd2 Nbc6 11. O-O Ne5 12. Nxe5 dxe5 13. Be3 Rfd8 14. Qc2 Qa5
15. Nd5 Nc6 16. Bd2 Qa6 17. Be3 Qa5 18. Bd3 Rd7 19. a3 Nd4 20. Qc3 Qd8 21. b4
Rc8 22. bxc5 Rxc5 23. Qb4 b6 24. Qb2 Rc8 25. Rab1 Nc6 26. Rfc1 Bf8 27. Bc2 Na5
28. Ba4 Nxc4 29. Bxd7 Bxd7 30. Qb3 b5 31. Qd3 Bc6 32. Bxa7 Ra8 33. Bb6 Qd6 34.
Bc7 Qe6 35. Rc3 f5 36. Rxc4 bxc4 37. Qxc4 Rxa3 38. Ne7+ Kf7 39. Nxc6 Qxc4 40.
Nxe5+ Kg8 41. Nxc4 Rc3 42. Ne3 Rxc7 43. exf5 Ra7 44. g3 Bc5 45. fxg6 hxg6 46.
Rb3 Ra2 47. Kg2 Kf7 48. Rc3 Bd4 49. Rc2 Ra6 50. Ng4 Ra4 51. Re2 Ba7 52. Ne5+ Kf6
53. h3 Ra6 54. h4 Bd4 55. Nf3 Ba7 56. Ng5 Kg7 57. Re7+ Kh8 58. f3 Ra2+ 59. Kh3
Ra3 60. Kg4 Bf2 61. Rd7 Ra4+ 62. f4 Ra3 63. Ne4 Be1 64. Kg5 Bxg3 65. Kxg6 Bxh4
66. Rh7+ Kg8 67. Rxh4 1-0

[Event "4th Al Ain Chess Classic"]
[Site "Al-Ain UAE"]
[Date "2015.12.25"]
[Round "3.6"]
[White "Rakhmanov, Aleksandr"]
[Black "Vaibhav, Suri"]
[Result "1/2-1/2"]
[WhiteTitle "GM"]
[BlackTitle "GM"]
[WhiteElo "2640"]
[BlackElo "2552"]
[WhiteFideId "4173708"]
[BlackFideId "5045185"]
[EventDate "2015.12.23"]

1. d4 Nf6 2. c4 e6 3. Nc3 Bb4 4. e3 c5 5. Bd3 Nc6 6. Ne2 cxd4 7. exd4 d5 8. a3
dxc4 9. Bxc4 Bxc3+ 10. bxc3 h6 11. O-O O-O 12. Ba2 b6 13. c4 Bb7 14. Bb2 Rc8 15.
d5 exd5 16. cxd5 Na5 17. Qd3 Nxd5 18. Rad1 Qg5 19. Bxd5 Qxd5 20. Qxd5 Bxd5 21.
Rxd5 Rc2 22. Bxg7 Kxg7 23. Nd4 Rc3 24. Rd6 Kh7 25. Nf5 Rc6 26. Rfd1 Rfc8 27. g4
h5 28. gxh5 Nc4 29. Rxc6 Rxc6 30. Rd7 Rf6 31. Ng3 Nxa3 32. Ne4 Rf4 33. Ng5+ Kh6
34. Nxf7+ Kxh5 35. Rxa7 Nc4 36. Rd7 b5 37. Rd5+ Kg6 38. Nd6 Nxd6 39. Rxd6+ Kg7
40. Kg2 Rb4 41. Kg3 Rb1 42. f4 b4 43. Kg4 b3 44. Rb6 b2 45. Kf5 Kh7 46. Rb7+ Kg8
47. Rb6 Kh7 48. Rb3 Kg7 49. Rg3+ Kf8 50. Rg2 Kf7 51. Kg5 Kg7 52. h4 Kh7 53. h5
Kg7 54. Kf5+ Kh6 55. Rc2 Kh7 56. Rh2 Kg7 57. Rg2+ Kh6 58. Kg4 Kh7 59. Kg5 Kg7
60. h6+ Kh7 61. f5 Rf1 62. Rxb2 Rg1+ 63. Kf6 Ra1 64. Re2 Rf1 65. Re8 Ra1 66. Rd8
Ra2 67. Re8 Ra1 68. Kf7 Kxh6 69. f6 Ra7+ 70. Ke6 Ra6+ 71. Kf5 Ra5+ 72. Ke6 Ra6+
73. Kf7 Ra7+ 74. Re7 Ra8 75. Rd7 Kh7 76. Rc7 Kh6 77. Ke6 Kg6 78. Ke7 Kh7 79. Kf7
Kh6 80. Re7 Kh7 81. Re8 Ra7+ 82. Ke6 Ra6+ 83. Kf5 Ra5+ 84. Re5 Ra1 85. Ke6 Ra6+
86. Kf7 Ra7+ 87. Re7 Ra8 88. Re6 Kh6 89. Ke7 Kg6 90. f7+ Kg7 91. Ra6 Rb8 92. Ra7
Rf8 93. Ke6 Rb8 94. Rc7 Rb1 95. Ke7 Re1+ 96. Kd8 Kf8 1/2-1/2

[Event "4th Al Ain Chess Classic"]
[Site "Al-Ain UAE"]
[Date "2015.12.25"]
[Round "3.7"]
[White "Bajarani, Ulvi"]
[Black "Mchedlishvili, Mikheil"]
[Result "1/2-1/2"]
[WhiteTitle "GM"]
[BlackTitle "GM"]
[WhiteElo "2551"]
[BlackElo "2635"]
[WhiteFideId "13403028"]
[BlackFideId "13600966"]
[EventDate "2015.12.23"]

1. d4 Nf6 2. c4 e6 3. Nc3 Bb4 4. Qc2 b6 5. e4 c5 6. d5 Qe7 7. Bg5 exd5 8. Bxf6
Qxf6 9. cxd5 O-O 10. a3 Ba5 11. Bd3 d6 12. Nf3 Nd7 13. O-O a6 14. Rfb1 b5 15. a4
Bxc3 16. bxc3 b4 17. cxb4 cxb4 18. a5 Rb8 19. Nd2 Qd4 20. Nb3 Qa7 21. Nd2 Qd4
22. Nb3 Qa7 23. Nd2 Qd4 1/2-1/2

[Event "4th Al Ain Chess Classic"]
[Site "Al-Ain UAE"]
[Date "2015.12.25"]
[Round "3.8"]
[White "Hovhannisyan, Robert"]
[Black "Swayams, Mishra"]
[Result "1-0"]
[WhiteTitle "GM"]
[BlackTitle "IM"]
[WhiteElo "2624"]
[BlackElo "2477"]
[WhiteFideId "13302507"]
[BlackFideId "5028183"]
[EventDate "2015.12.23"]

1. e4 e6 2. d4 d5 3. Nc3 Nf6 4. Bg5 Bb4 5. e5 h6 6. Bc1 Ne4 7. Qg4 g6 8. a3
Bxc3+ 9. bxc3 c5 10. Bd3 cxd4 11. Ne2 Nc6 12. cxd4 Qa5+ 13. Kf1 Nd2+ 14. Bxd2
Qxd2 15. h4 Bd7 16. Rh3 O-O-O 17. Rf3 f5 18. Qf4 Qxf4 19. Rxf4 g5 20. Rf3 Be8
21. Rh3 Bh5 22. f3 f4 23. hxg5 hxg5 24. Kf2 Bf7 25. c3 Rxh3 26. gxh3 Rh8 27. Rg1
Rh5 28. h4 Rxh4 29. Rxg5 Rh1 30. Rg7 Nd8 31. Nxf4 Rc1 32. Bg6 Bxg6 33. Rxg6 Rxc3
34. Nxe6 Nxe6 35. Rxe6 Rd3 36. Rd6 Rxd4 37. Ke3 Rd1 38. Kf4 Kc7 39. Kf5 b5 40.
f4 a5 41. Ra6 a4 42. e6 d4 43. e7 Kd7 44. Ra7+ 1-0

[Event "4th Al Ain Chess Classic"]
[Site "Al-Ain UAE"]
[Date "2015.12.25"]
[Round "3.9"]
[White "Onischuk, Vladimir"]
[Black "Petrosyan, Manuel"]
[Result "1-0"]
[WhiteTitle "GM"]
[BlackTitle "IM"]
[WhiteElo "2612"]
[BlackElo "2466"]
[WhiteFideId "14114038"]
[BlackFideId "13300857"]
[EventDate "2015.12.23"]

1. e4 c5 2. Nf3 e6 3. Nc3 a6 4. d4 cxd4 5. Nxd4 Qc7 6. Be2 Nf6 7. O-O Be7 8. f4
d6 9. Be3 O-O 10. Kh1 Nc6 11. Qe1 Bd7 12. Qg3 Rad8 13. Bd3 b5 14. a3 Nxd4 15.
Bxd4 Bc6 16. Rf3 Qb7 17. b4 Nh5 18. Qh3 Nxf4 19. Rxf4 e5 20. Rf5 exd4 21. Nd5 g6
22. Raf1 gxf5 23. e5 f6 24. e6 Bxd5 25. Qxf5 Rf7 26. exf7+ Kxf7 27. Qxh7+ Ke8
28. Re1 Rd7 29. Qh8+ Kf7 30. Qh5+ Kf8 31. Qh8+ Kf7 32. Qh5+ Kf8 33. Bg6 Bxg2+
34. Kg1 Qd5 35. Qh6+ Kg8 36. Qh7+ Kf8 37. Rxe7 Rxe7 38. Qh8+ Qg8 39. Qxf6+ Rf7
40. Qd8+ Kg7 41. Qxg8+ Kxg8 42. Bxf7+ Kxf7 43. Kxg2 1-0

[Event "4th Al Ain Chess Classic"]
[Site "Al-Ain UAE"]
[Date "2015.12.25"]
[Round "3.10"]
[White "Sengupta, Deep"]
[Black "Kovalenko, Igor"]
[Result "1/2-1/2"]
[WhiteTitle "GM"]
[BlackTitle "GM"]
[WhiteElo "2563"]
[BlackElo "2680"]
[WhiteFideId "5008352"]
[BlackFideId "14117908"]
[EventDate "2015.12.23"]

1. e4 e5 2. Nf3 Nc6 3. Bb5 a6 4. Ba4 Nf6 5. O-O Be7 6. d3 d6 7. c3 O-O 8. Nbd2
Re8 9. Re1 Bf8 10. h3 b5 11. Bc2 g6 12. Nf1 Bg7 13. Ng3 Nb8 14. d4 Nbd7 15. b3
c5 16. d5 Qc7 17. Bg5 h6 18. Be3 a5 19. Nh2 Kh7 20. Qd2 b4 21. c4 a4 22. Rad1
Qd8 23. Bb1 Re7 24. Rf1 Qh8 25. Bd3 axb3 26. axb3 Re8 27. Ra1 Bb7 28. Rxa8 Rxa8
29. f4 exf4 30. Bxf4 Ne8 31. Ng4 h5 32. Nh6 Bxh6 33. Bxh6 Ne5 34. Bf4 Kg8 35.
Bb1 Bc8 36. Qf2 Ra7 37. Ne2 Qg7 38. Nc1 f6 39. Nd3 Rf7 40. Qd2 Qf8 41. Bc2 Kh7
42. Bg3 Kg7 43. Nf4 Re7 44. Bh2 Kh7 45. Ra1 Qh6 46. Qf2 Qg7 47. Rf1 Kg8 48. Kh1
Ra7 49. Qe2 Ra2 50. Qd1 Bd7 51. Qb1 Ra7 52. Qb2 Bc8 53. Bb1 Qh6 54. Qe2 Qg7 55.
Nd3 Ra3 56. Qd1 Ra1 57. Bf4 Kh7 58. Qe2 Qe7 59. Qb2 Ra3 60. Bc1 Qg7 61. Qc2 Ra7
62. Qe2 Rc7 63. Nf4 Kg8 64. Qf2 Re7 65. Bc2 Kh7 66. Bb2 Ra7 67. Qe2 Kg8 68. Bb1
Re7 69. Qf2 Kh7 70. Bc2 Ra7 71. Nd3 1/2-1/2

[Event "4th Al Ain Chess Classic"]
[Site "Al-Ain UAE"]
[Date "2015.12.25"]
[Round "3.11"]
[White "Areshchenko, Alexander"]
[Black "Vishnu Prasanna, V"]
[Result "1/2-1/2"]
[WhiteTitle "GM"]
[BlackTitle "GM"]
[WhiteElo "2677"]
[BlackElo "2514"]
[WhiteFideId "14109530"]
[BlackFideId "5030692"]
[EventDate "2015.12.23"]

1. e4 e5 2. Nf3 Nc6 3. Bb5 a6 4. Ba4 Nf6 5. O-O Bc5 6. c3 b5 7. Bb3 d6 8. a4 Bg4
9. h3 Bxf3 10. Qxf3 Na5 11. Bc2 b4 12. d3 Rb8 13. Nd2 O-O 14. Qe2 Ba7 15. d4
exd4 16. Qxa6 dxc3 17. bxc3 bxc3 18. Qxa5 cxd2 19. Bxd2 Bd4 20. Rab1 Ra8 21. Qb5
d5 22. exd5 Qxd5 23. a5 Rfd8 24. Rfd1 c5 25. Be1 g6 26. Qb7 Rd7 27. Qxd5 Nxd5
28. Be4 Raa7 29. Rb3 Nf4 30. Rf3 Ne6 1/2-1/2

[Event "4th Al Ain Chess Classic"]
[Site "Al-Ain UAE"]
[Date "2015.12.25"]
[Round "3.13"]
[White "Anton Guijarro, David"]
[Black "Zeng, Chongsheng"]
[Result "0-1"]
[WhiteTitle "GM"]
[BlackTitle "GM"]
[WhiteElo "2640"]
[BlackElo "2530"]
[WhiteFideId "2285525"]
[BlackFideId "8603847"]
[EventDate "2015.12.23"]

1. d4 Nf6 2. c4 e6 3. Nf3 Bb4+ 4. Nbd2 O-O 5. a3 Be7 6. e4 d6 7. Be2 Nbd7 8. O-O
e5 9. Qc2 exd4 10. Nxd4 Re8 11. Rd1 Bf8 12. b3 g6 13. Bb2 Bg7 14. b4 c6 15. Bf1
a5 16. N4b3 axb4 17. axb4 Rxa1 18. Bxa1 Ne5 19. c5 d5 20. Bd4 Qc7 21. h3 Nxe4
22. Nxe4 Bf5 23. f4 Bxe4 24. Qc3 f6 25. fxe5 fxe5 26. Bf2 Qf7 27. Nd2 d4 28. Qc1
Bd5 29. Nc4 Rf8 30. Bg3 Qe6 31. Be2 h5 32. Re1 e4 33. Nd6 e3 34. Rf1 Ra8 35. Bc4
e2 36. Re1 Bxc4 37. Nxc4 d3 38. Bf2 Ra2 39. Qf4 Rc2 40. Nd2 Qe5 41. Qxe5 Bxe5
42. Nb1 Rb2 0-1

[Event "4th Al Ain Chess Classic"]
[Site "Al-Ain UAE"]
[Date "2015.12.25"]
[Round "3.14"]
[White "Edouard, Romain"]
[Black "Kunte, Abhijit"]
[Result "1-0"]
[WhiteTitle "GM"]
[BlackTitle "GM"]
[WhiteElo "2627"]
[BlackElo "2507"]
[WhiteFideId "633429"]
[BlackFideId "5002265"]
[EventDate "2015.12.23"]

1. Nf3 Nf6 2. c4 e6 3. g3 d5 4. Bg2 d4 5. e3 c5 6. exd4 cxd4 7. O-O Nc6 8. d3
Be7 9. Re1 O-O 10. Ne5 Nxe5 11. Rxe5 Nd7 12. Re1 Re8 13. Na3 Qb6 14. Nc2 a5 15.
b3 Rd8 16. Rb1 Nc5 17. Ba3 Ra7 18. Qe2 Qc7 19. Bxc5 Bxc5 20. a3 b6 21. b4 Be7
22. Qe4 Bb7 23. Qe5 Bd6 24. Qb5 axb4 25. axb4 Ra2 26. Nxd4 Bf8 27. Bxb7 Rxd4 28.
Be4 Qd8 29. c5 bxc5 30. bxc5 Qe7 31. c6 Rda4 32. Rec1 Ra7 33. Qc4 Qf6 34. Rf1
Qe5 35. Rb5 Qd6 36. Rc1 Qe7 37. Rb7 1-0

[Event "4th Al Ain Chess Classic"]
[Site "Al-Ain UAE"]
[Date "2015.12.25"]
[Round "3.15"]
[White "Kravtsiv, Martyn"]
[Black "Ankit, R. Rajpara"]
[Result "1-0"]
[WhiteTitle "GM"]
[BlackTitle "GM"]
[WhiteElo "2623"]
[BlackElo "2489"]
[WhiteFideId "14113147"]
[BlackFideId "5023335"]
[EventDate "2015.12.23"]

1. Nf3 d5 2. g3 c6 3. Bg2 Bg4 4. c4 e6 5. cxd5 Bxf3 6. Bxf3 cxd5 7. O-O Nc6 8.
Nc3 Nf6 9. d4 Be7 10. e3 O-O 11. Bd2 Rc8 12. Rc1 Bd6 13. Na4 Qe7 14. a3 e5 15.
Nc3 Qe6 16. Bg2 exd4 17. exd4 Rfd8 18. Be3 Bf8 19. Qf3 Ne7 20. Bg5 Rc6 21. Rce1
Qd7 22. Re2 h6 23. Bf4 Ng6 24. Be5 Ne7 25. Rfe1 Ng4 26. Bf4 Nf6 27. Qd3 a6 28.
h3 Nh5 29. Bd2 Nf6 30. Na4 Nc8 31. b4 Nd6 32. Bf4 Nc4 33. Nc5 Qc8 34. a4 Rb6 35.
Be5 Nd7 36. Bxd5 Ncxe5 37. dxe5 Bxc5 38. bxc5 Nxc5 39. Qd4 Rc6 40. Rd2 Ne6 41.
Qb2 Rc7 42. Red1 Rcd7 43. Bxe6 fxe6 44. Rd6 Qc7 45. Qd4 Rxd6 46. exd6 Qd7 47.
Qe5 Qxa4 48. Qxe6+ Kh8 49. Rd5 Re8 50. Qf5 Qa1+ 51. Kg2 Rd8 52. Qf7 b5 53. d7
Qa2 54. Qe8+ Kh7 55. Rc5 1-0

[Event "4th Al Ain Chess Classic"]
[Site "Al-Ain UAE"]
[Date "2015.12.25"]
[Round "3.16"]
[White "Gasanov, Eldar"]
[Black "Gupta, Abhijeet"]
[Result "0-1"]
[WhiteTitle "GM"]
[BlackTitle "GM"]
[WhiteElo "2485"]
[BlackElo "2613"]
[WhiteFideId "14104466"]
[BlackFideId "5010608"]
[EventDate "2015.12.23"]

1. d4 Nf6 2. c4 g6 3. Nc3 d5 4. e3 Bg7 5. Qb3 e6 6. Qa3 c6 7. Nf3 a5 8. b3 Na6
9. Be2 Nb4 10. Qb2 c5 11. O-O O-O 12. Rd1 b6 13. a3 Nc6 14. Qc2 cxd4 15. exd4
Ba6 16. Bg5 Ne7 17. Rac1 Rc8 18. Qa2 Bb7 19. Nb5 Ba6 20. a4 Nc6 21. Qb2 Nb4 22.
Bf4 Ne4 23. Na7 Ra8 24. Nb5 Rc8 25. Na7 Ra8 26. Nb5 Bxb5 27. cxb5 Ra7 28. Ne5 g5
29. Be3 Rb7 30. f3 Nd6 31. Qd2 h6 32. g4 Rc7 33. Rxc7 Qxc7 34. Rc1 Qb7 35. Nc6
Rc8 36. Nxb4 Rxc1+ 37. Qxc1 axb4 38. Qd2 Bf8 39. Kg2 Qc7 40. Bd3 Nb7 41. Bc2 Bd6
42. Qd3 Bxh2 43. Qh7+ Kf8 44. Bf2 Ke8 45. Be1 Bd6 46. Qg8+ Bf8 47. Bd3 Qe7 48.
Bg3 Kd7 0-1